[Event "ISL-chT1 1819"]
[Site "Reykjavik"]
[Date "2019.02.28"]
[Round "6.2"]
[White "Vigfusson, Thrainn"]
[Black "Arngrimsson, Dagur"]
[Result "0-1"]
[WhiteElo "2211"]
[BlackElo "2370"]
[PlyCount "60"]
[EventDate "2018.11.08"]
[EventType "team-tourn"]
[EventRounds "9"]
[EventCountry "ISL"]
[SourceTitle "CBM 189 Extra"]
[Source "ChessBase"]
[SourceDate "2019.06.03"]
[SourceVersion "1"]
[SourceVersionDate "2019.06.03"]
[SourceQuality "1"]
[WhiteTeam "Skakfelagidj Huginn II"]
[BlackTeam "Breidjablik Bolungavik"]
[WhiteTeamCountry "ISL"]
[BlackTeamCountry "ISL"]

1. d4 d5 2. Nf3 Nf6 3. e3 Bf5 4. c4 c6 5. Nc3 e6 6. Nh4 Bg6 7. Nxg6 hxg6 8. cxd5 exd5 9. Bd3 g5 10. Qe2 Bb4 11. a3 Bxc3+ 12. bxc3 Ne4 13. Qc2 Qe7 14. a4 Nd7 15. Ba3 Qe6 16. c4 Nd6 17. cxd5 Qxd5 18. 0-0 Rh6 19. h3 0-0-0 20. a5 g4 21. hxg4 Qe6 22. g5 Rh5 23. Qe2 Rdh8 24. f4 Ne4 25. Bxe4 Qxe4 26. Rac1 a6 27. Rc3 f6 28. Qd3 Qd5 29. gxf6 Nxf6 30. Rc5 Ng4 0-1

[Event "ISL-chT 1415"]
[Site "Reykjavik"]
[Date "2015.03.19"]
[Round "6.1"]
[White "Gunnarsson, Arnar"]
[Black "Vigfusson, Thrainn"]
[Result "1-0"]
[WhiteElo "2435"]
[BlackElo "2254"]
[PlyCount "127"]
[EventDate "2014.10.02"]
[EventType "team-tourn"]
[EventRounds "9"]
[EventCountry "ISL"]
[SourceTitle "EXT 2016"]
[Source "ChessBase"]
[SourceDate "2015.10.08"]
[SourceVersion "1"]
[SourceVersionDate "2015.10.08"]
[SourceQuality "1"]
[WhiteTeam "Reykjavik Taflfelag"]
[BlackTeam "Huginn"]
[WhiteTeamCountry "ISL"]
[BlackTeamCountry "ISL"]

1. c4 b6 2. Nc3 Bb7 3. e3 e6 4. Nf3 Nf6 5. Be2 Be7 6. 0-0 0-0 7. b3 c5 8. d4 cxd4 9. Qxd4 Nc6 10. Qf4 Qb8 11. Qxb8 Raxb8 12. Rd1 Rfd8 13. Bb2 Rbc8 14. Rac1 h6 15. Kf1 Kf8 16. h3 d6 17. Nb5 Rd7 18. Nd2 d5 19. Bf3 Nb4 20. Nxa7 Ra8 21. Nb5 Nd3 22. Rb1 Rxa2 23. Bd4 Bb4 24. Bc3 Bxc3 25. Nxc3 Rc2 26. Na4 Rd6 27. Be2 Nb4 28. Nf3 Ne4 29. cxd5 exd5 30. Rbc1 Rdc6 31. Rxc2 Rxc2 32. Nd4 Ra2 33. Ke1 Nc5 34. Nxb6 Ba6 35. Kf1 Bxe2+ 36. Nxe2 Nxb3 37. Nf4 Nd2+ 38. Kg1 Ne4 39. Rb1 g5 40. Rxb4 gxf4 41. Nxd5 Ra1+ 42. Kh2 fxe3 43. fxe3 Nc5 44. Rb6 Ne6 45. Rb8+ Kg7 46. Rb4 Ra5 47. Rg4+ Kf8 48. e4 Ng5 49. Nf6 Ra6 50. Nh5 Ra4 51. Ng3 Ra2 52. Rf4 Ra6 53. h4 Nh7 54. Nh5 Ke7 55. Kh3 Nf8 56. Ng7 Rg6 57. Nf5+ Ke6 58. h5 Rf6 59. Kg4 Nd7 60. Nd4+ Ke5 61. Nf3+ Ke6 62. g3 Rxf4+ 63. Kxf4 f6 64. Nd4+ 1-0

[Event "ISL-chT 1415"]
[Site "Reykjavik"]
[Date "2014.10.05"]
[Round "5.5"]
[White "Johannsson, Orn Leo"]
[Black "Vigfusson, Thrainn"]
[Result "1/2-1/2"]
[WhiteElo "2038"]
[BlackElo "2254"]
[PlyCount "91"]
[EventDate "2014.10.02"]
[EventType "team-tourn"]
[EventRounds "9"]
[EventCountry "ISL"]
[SourceTitle "EXT 2015"]
[Source "ChessBase"]
[SourceDate "2014.11.20"]
[SourceVersion "1"]
[SourceVersionDate "2014.11.20"]
[SourceQuality "1"]
[WhiteTeam "Reykjanesbaejar"]
[BlackTeam "Huginn II"]
[WhiteTeamCountry "ISL"]
[BlackTeamCountry "ISL"]

1. e4 c6 2. d4 d5 3. exd5 cxd5 4. Bd3 Nc6 5. c3 Nf6 6. Bf4 e6 7. Nf3 Bd6 8. Bxd6 Qxd6 9. Qe2 Qc7 10. 0-0 0-0 11. Nbd2 b6 12. Rae1 g6 13. Qe3 Nh5 14. Ne5 Nxe5 15. dxe5 f6 16. exf6 Rxf6 17. g3 Bd7 18. Qe5 Qxe5 19. Rxe5 Ng7 20. f4 Rd8 21. Nf3 Ne8 22. Rfe1 Nd6 23. Nd4 Re8 24. R5e3 Kg7 25. Bf1 Nf5 26. Nxf5+ gxf5 27. c4 Rff8 28. Rd1 Kf6 29. cxd5 e5 30. fxe5+ Rxe5 31. Kf2 Rxe3 32. Kxe3 Ke5 33. Bg2 f4+ 34. gxf4+ Rxf4 35. Rd2 Rh4 36. Bf3 Rh3 37. Rg2 Bf5 38. d6 Kxd6 39. Kf4 Be6 40. Rd2+ Kc5 41. a3 Rh6 42. Ke5 Bb3 43. Rd3 Re6+ 44. Kf4 Rf6+ 45. Ke5 Re6+ 46. Kf4 1/2-1/2

[Event "ISL-chT 1213"]
[Site "Reykjavik"]
[Date "2012.10.06"]
[Round "2.4"]
[White "Petursson, Gudni Stefan"]
[Black "Vigfusson, Thrainn"]
[Result "0-1"]
[WhiteElo "2103"]
[BlackElo "2259"]
[PlyCount "88"]
[EventDate "2012.10.05"]
[EventType "team-tourn"]
[EventRounds "7"]
[EventCountry "ISL"]
[SourceTitle "EXT 2013"]
[Source "ChessBase"]
[SourceDate "2012.11.22"]
[SourceVersion "1"]
[SourceVersionDate "2012.11.22"]
[SourceQuality "1"]
[WhiteTeam "Taflfelag Bolungarvikur II"]
[BlackTeam "Hellir"]
[WhiteTeamCountry "ISL"]
[BlackTeamCountry "ISL"]

1. d4 Nf6 2. Nf3 e6 3. g3 c5 4. Bg2 Nc6 5. 0-0 b6 6. c4 cxd4 7. Nxd4 Bb7 8. Nb5 Na5 9. b3 Bxg2 10. Kxg2 Nb7 11. Bf4 d6 12. N1c3 a6 13. Na3 Be7 14. Nc2 0-0 15. e4 Rc8 16. Qd3 Qc7 17. Bd2 Rfd8 18. Rac1 Nc5 19. Qf3 Qb7 20. Rfe1 b5 21. cxb5 axb5 22. b4 Na4 23. Nxa4 bxa4 24. Bg5 Rc4 25. Qd3 Rdc8 26. f3 h6 27. Bd2 Nd7 28. f4 f5 29. Nd4 fxe4 30. Qe3 Qd5 31. Rxc4 Rxc4 32. Bc3 Nf6 33. h3 Qb7 34. Bd2 d5 35. Nxe6 Bxb4 36. Bxb4 Qxb4 37. Rd1 Rc2+ 38. Kf1 Rc3 39. Qa7 Rxg3 40. Qa8+ Kf7 41. Nd8+ Kg6 42. f5+ Kh5 43. Qc6 Qb2 44. Qc5 e3 0-1

[Event "ISL-chT 9900"]
[Site "Iceland"]
[Date "1999.??.??"]
[Round "?"]
[White "Vigfusson, Thrainn"]
[Black "Olafsson, Helgi"]
[Result "0-1"]
[WhiteElo "2260"]
[BlackElo "2498"]
[PlyCount "84"]
[EventDate "1999.??.??"]
[EventType "team"]
[EventRounds "9"]
[EventCountry "ISL"]
[SourceTitle "EXT 2001"]
[Source "ChessBase"]
[SourceDate "2000.11.22"]
[SourceVersion "1"]
[SourceVersionDate "2000.11.22"]
[SourceQuality "1"]

1. d4 Nf6 2. e3 g6 3. f4 Bg7 4. Nf3 0-0 5. Bd3 c5 6. c3 b6 7. 0-0 Ba6 8. e4 d6 9. f5 Qd7 10. Bxa6 Nxa6 11. Qe2 Qb7 12. e5 Ne4 13. fxg6 fxg6 14. d5 Qxd5 15. Qxa6 c4 16. Na3 Qc5+ 17. Kh1 d5 18. Nc2 Nf2+ 19. Kg1 Ng4+ 20. Ncd4 Nxe5 21. Qa3 Qxa3 22. bxa3 Nd3 23. Bg5 Rfe8 24. Rab1 h6 25. Be3 e5 26. Nc6 g5 27. h3 Re6 28. Nb4 Rd8 29. Nxd3 cxd3 30. Rfd1 Red6 31. Rb3 Rc8 32. Kf2 Rdc6 33. Bd2 Rc4 34. Be1 e4 35. Nd4 Bxd4+ 36. cxd4 Rxd4 37. Ke3 Rdc4 38. Rb5 R8c5 39. Rdb1 Rc2 40. Bg3 Rxg2 41. Bd6 Re2+ 42. Kd4 Rxb5 0-1

[Event "ISL-chT"]
[Site "Iceland"]
[Date "1995.??.??"]
[Round "?"]
[White "Vigfusson, Thrainn"]
[Black "Halldorsson, Gudmundur"]
[Result "0-1"]
[WhiteElo "2260"]
[BlackElo "2285"]
[PlyCount "60"]
[EventDate "1995.??.??"]
[EventType "team"]
[EventRounds "7"]
[EventCountry "ISL"]
[SourceTitle "EXT 2000"]
[Source "ChessBase"]
[SourceDate "1999.11.16"]
[SourceVersion "1"]
[SourceVersionDate "1999.11.16"]
[SourceQuality "1"]

1. d4 f5 2. h3 Nf6 3. g4 d5 4. g5 Ne4 5. Nf3 e6 6. Bf4 Bd6 7. Ne5 h6 8. gxh6 Qh4 9. Bg3 Nxg3 10. hxg7 Rg8 11. fxg3 Qxg3+ 12. Kd2 Nc6 13. e3 Nxe5 14. dxe5 Bxe5 15. Qh5+ Ke7 16. c3 Bd7 17. Na3 Be8 18. Qe2 f4 19. Nc2 f3 20. Qe1 f2 21. Qd1 Rxg7 22. b4 a5 23. b5 Bg6 24. Bd3 Bxd3 25. Kxd3 Rh8 26. Qf1 Rh4 27. Nd4 Rf7 28. Kd2 Re4 29. Nc2 Rf3 30. Qd3 Bf4 0-1

[Event "Reykjavik op"]
[Site "Reykjavik"]
[Date "1988.??.??"]
[Round "?"]
[White "Barle, Janez"]
[Black "Vigfusson, Thrainn"]
[Result "1-0"]
[WhiteElo "2425"]
[BlackElo "2050"]
[PlyCount "73"]
[EventDate "1988.02.??"]
[EventType "swiss"]
[EventRounds "11"]
[EventCountry "ISL"]
[SourceTitle "TD"]
[Source "ChessBase"]
[SourceDate "1994.03.01"]
[SourceVersion "1"]
[SourceVersionDate "1994.03.01"]
[SourceQuality "1"]

1. e4 d5 2. exd5 Nf6 3. c4 e6 4. dxe6 Bxe6 5. Nf3 Nc6 6. Be2 Bc5 7. 0-0 Qd7 8. Nc3 Rd8 9. d3 h6 10. Be3 Nd4 11. Nxd4 Bxd4 12. Bxd4 Qxd4 13. Qa4+ c6 14. Qb4 Rd7 15. Rad1 c5 16. Qa3 a6 17. b4 0-0 18. bxc5 Rc7 19. Bf3 Nd7 20. Bxb7 Nxc5 21. Bf3 Nd7 22. Ne2 Qa7 23. Qd6 Nf6 24. Nf4 Rd7 25. Qa3 Bg4 26. Bxg4 Nxg4 27. Nd5 Qd4 28. h3 Ne5 29. Ne7+ Kh7 30. Nf5 Qf4 31. Qxf8 Qxf5 32. Qc8 Nf3+ 33. gxf3 Qg5+ 34. Kh1 Qf5 35. Qb8 Qxf3+ 36. Kh2 Rxd3 37. Rxd3 1-0

[Event "Reykjavik op"]
[Site "Reykjavik"]
[Date "1988.??.??"]
[Round "?"]
[White "Vigfusson, Thrainn"]
[Black "Agustsson, Johannes"]
[Result "1-0"]
[WhiteElo "2050"]
[BlackElo "2285"]
[PlyCount "113"]
[EventDate "1988.02.??"]
[EventType "swiss"]
[EventRounds "11"]
[EventCountry "ISL"]
[SourceTitle "TD"]
[Source "ChessBase"]
[SourceDate "1994.03.01"]
[SourceVersion "1"]
[SourceVersionDate "1994.03.01"]
[SourceQuality "1"]

1. e4 d5 2. exd5 Nf6 3. Bb5+ Bd7 4. Bc4 Bg4 5. f3 Bf5 6. g4 Bg6 7. Nc3 c6 8. dxc6 Nxc6 9. d3 Qb6 10. g5 Nd7 11. Nd5 Qd8 12. Bf4 e5 13. Be3 Bc5 14. Qd2 Bxe3 15. Qxe3 Nd4 16. 0-0-0 b5 17. Bb3 a5 18. Nc3 0-0 19. Nge2 Nb6 20. a4 Rc8 21. axb5 Nxb3+ 22. cxb3 Nd5 23. Qd2 Nb4 24. Kb1 Qxd3+ 25. Ka1 Qxf3 26. h4 Bc2 27. Rdf1 Qa8 28. Nc1 Rcd8 29. Qe1 Bd3 30. Qxe5 a4 31. bxa4 Bxf1 32. Rxf1 Qg2 33. Qe2 Qa8 34. N1a2 Nd3 35. Nc1 Nc5 36. Qc4 Ne6 37. Nb3 Rc8 38. Qb4 Qg2 39. Rd1 Qf3 40. Nd4 Nxd4 41. Rxd4 Rfd8 42. Rxd8+ Rxd8 43. b6 Qc6 44. Qb5 Qxb5 45. Nxb5 Kf8 46. Nc7 Ke7 47. Na6 Rd7 48. b4 Kd6 49. Nc5 Re7 50. a5 Kc6 51. Kb2 f5 52. gxf6 gxf6 53. Kc3 f5 54. Kc4 f4 55. b5+ Kd6 56. a6 f3 57. b7 1-0

[Event "Rilton Cup 18th"]
[Site "Stockholm"]
[Date "1988.??.??"]
[Round "?"]
[White "Vigfusson, Thrainn"]
[Black "Kotronias, Vasilios"]
[Result "1/2-1/2"]
[WhiteElo "2230"]
[BlackElo "2550"]
[PlyCount "131"]
[EventDate "1988.12.??"]
[EventType "swiss"]
[EventRounds "9"]
[EventCountry "SWE"]
[SourceTitle "CBM 011"]
[Source "ChessBase"]
[SourceDate "1989.08.01"]
[SourceVersion "1"]
[SourceVersionDate "1989.08.01"]
[SourceQuality "1"]

1. d4 Nf6 2. c4 c5 3. d5 b5 4. cxb5 a6 5. bxa6 g6 6. Nc3 Bxa6 7. g3 d6 8. Bg2 Bg7 9. Nf3 Nbd7 10. h3 Nb6 11. 0-0 0-0 12. Re1 Qc7 13. e4 Nfd7 14. Qc2 Rfb8 15. Rb1 Nc4 16. Bf1 Qa5 17. Bxc4 Bxc4 18. Bg5 h6 19. Bd2 Bxa2 20. Nxa2 Qxa2 21. Bc3 Bxc3 22. Qxc3 Rb3 23. Ra1 Rxc3 24. Rxa2 Rxa2 25. bxc3 Rc2 26. Re3 Nb6 27. Ne1 Rc1 28. Kf1 Nc4 29. Rd3 Nb2 30. Rd2 Na4 31. Rc2 Rxc2 32. Nxc2 Nxc3 33. f3 Kg7 34. Ke1 f5 35. Kd2 Na4 36. exf5 gxf5 37. Ne3 Kf6 38. Nc4 e6 39. Nxd6 exd5 40. Ne8+ Ke5 41. f4+ Ke6 42. Ng7+ Kf6 43. Ne8+ Kf7 44. Nc7 Nb6 45. g4 Ke7 46. g5 hxg5 47. fxg5 f4 48. g6 Kf6 49. g7 Kxg7 50. Ne6+ Kf6 51. Nxc5 Nc4+ 52. Ke2 Ne5 53. h4 Kf5 54. h5 Nf7 55. Nd7 d4 56. Nc5 Kg4 57. Nd3 Kg3 58. Ne1 Nh6 59. Kd3 Nf5 60. h6 Nxh6 61. Kxd4 Nf5+ 62. Ke5 Ne3 63. Ke4 Ng4 64. Kd3 Nf6 65. Ke2 Nd5 66. Kf1 1/2-1/2